000 00356nam a2200133 a 4500
005 20141022142001.0
008 100916s19uu xx 00 eng d
050 _aDVD
_bSch2 2008
245 _aKids with down syndrome:
_bstaying healthy and making friends.
260 _bStandford university.
650 _aDVD
650 _aDown syndrome
942 _cAVM
999 _c276270
_d276270